[Event "Titled Tuesday intern op 01st Nov Early"]
[Site "Chess.com INT"]
[Date "2022.11.01"]
[Round "8"]
[White "Bortnyk, Olexandr"]
[Black "Vachylya, Andriy"]
[Result "1-0"]
[WhiteElo "2604"]
[BlackElo "2274"]
[PlyCount "69"]
[EventDate "2022.11.01"]
[EventType "swiss (blitz)"]
[EventRounds "11"]
[EventCountry "USA"]
[SourceTitle "EXT 2024"]
[Source "ChessBase"]
[SourceDate "2023.10.10"]
[SourceVersion "1"]
[SourceVersionDate "2023.10.10"]
[SourceQuality "1"]

1. d4 Nf6 2. Nc3 g6 3. Bf4 Bg7 4. e3 0-0 5. h4 h5 6. Nf3 d6 7. Ng5 Nbd7 8. Bc4 e5 9. dxe5 dxe5 10. Bg3 Qe7 11. Qd3 Kh8 12. 0-0 Nb6 13. Bb3 Bf5 14. e4 Be6 15. Bxe6 fxe6 16. Bxe5 Nbd7 17. Bxc7 Ne8 18. Bg3 Ne5 19. Bxe5 Bxe5 20. g3 Rd8 21. Qc4 Ng7 22. Rad1 Rc8 23. Qd3 Qc5 24. Kg2 Bf6 25. Nh3 Bxc3 26. bxc3 e5 27. Ng5 Qxc3 28. Qd6 Qc6 29. Qxe5 Rce8 30. Qd6 Ne6 31. Qxc6 bxc6 32. Nxe6 Rxe6 33. f3 Re5 34. Rd7 Rc5 35. Rf2 1-0

[Event "Titled Tuesday intern op 01st Nov Early"]
[Site "Chess.com INT"]
[Date "2022.11.01"]
[Round "4"]
[White "Grandelius, Nils"]
[Black "Vachylya, Andriy"]
[Result "0-1"]
[WhiteElo "2657"]
[BlackElo "2274"]
[PlyCount "206"]
[EventDate "2022.11.01"]
[EventType "swiss (blitz)"]
[EventRounds "11"]
[EventCountry "USA"]
[SourceTitle "EXT 2024"]
[Source "ChessBase"]
[SourceDate "2023.10.10"]
[SourceVersion "1"]
[SourceVersionDate "2023.10.10"]
[SourceQuality "1"]

1. Nf3 Nf6 2. g3 e6 3. Bg2 d5 4. 0-0 Be7 5. b3 0-0 6. Bb2 c5 7. c4 Nc6 8. cxd5 exd5 9. d4 Re8 10. Nc3 Be6 11. Rc1 b6 12. dxc5 bxc5 13. Na4 Nd7 14. Ba3 Qa5 15. Qe1 Qb5 16. Qd2 Rac8 17. Rfd1 h6 18. e3 Nce5 19. Nxe5 Nxe5 20. Bb2 Ng4 21. Nc3 Qa5 22. Nxd5 Qxa2 23. Qc3 Bf6 24. Nxf6+ Nxf6 25. h3 Qxb3 26. Qxb3 Bxb3 27. Rd6 Re6 28. Rd3 Rb6 29. Rdc3 Be6 30. Ba1 c4 31. Ra3 a6 32. Bd4 Rd6 33. Bb7 Rcd8 34. g4 h5 35. f3 hxg4 36. hxg4 Nh7 37. Rxa6 Rxa6 38. Bxa6 Ng5 39. Kf2 Bd5 40. f4 Ne4+ 41. Ke2 Ng3+ 42. Kf2 Ne4+ 43. Ke1 Ra8 44. Bxc4 Rc8 45. Bxd5 Rxc1+ 46. Ke2 Nf6 47. Bf3 Rc2+ 48. Kf1 Kf8 49. g5 Ne8 50. Be2 Ke7 51. Kf2 g6 52. Kf3 Nd6 53. Bd3 Ra2 54. Bc5 Kd7 55. Bf1 Rc2 56. Bh3+ Kc6 57. Bd4 Nb5 58. Be5 Nd6 59. Bg2 Kd7 60. Bh3+ Ke7 61. Bf1 Nf5 62. Bd3 Ra2 63. Bc4 Ra3 64. Kf2 Nxe3 65. Be2 Nf5 66. Bf3 Nd6 67. Bd5 Nf5 68. Bf3 Ke6 69. Bg4 Kd5 70. Bf3+ Kc4 71. Be2+ Kc5 72. Bf3 Ra2+ 73. Be2 Kd5 74. Kf3 Ra3+ 75. Kf2 Ke4 76. Bb5 Ra2+ 77. Kf1 Kf3 78. Bc6+ Ke3 79. Bd5 Ra7 80. Kg2 Kd3 81. Kh3 Ne3 82. Bf3 Kc4 83. Kg3 Nf5+ 84. Kf2 Re7 85. Be2+ Kc5 86. Bf3 Rxe5 87. fxe5 Kd4 88. e6 fxe6 89. Bg4 Ke4 90. Bd1 Kf4 91. Bb3 e5 92. Bf7 Kxg5 93. Kf3 Kf6 94. Bd5 Nd6 95. Bb3 Kf5 96. Bc2+ e4+ 97. Ke3 Ke5 98. Bd1 Nf5+ 99. Kf2 Kf4 100. Bc2 g5 101. Bb1 g4 102. Bxe4 Kxe4 103. Kg2 Kf4 0-1

[Event "Titled Tuesday intern op 01st Nov Early"]
[Site "Chess.com INT"]
[Date "2022.11.01"]
[Round "3"]
[White "Vachylya, Andriy"]
[Black "Rustemov, Alexander"]
[Result "1-0"]
[WhiteElo "2274"]
[BlackElo "2525"]
[PlyCount "115"]
[EventDate "2022.11.01"]
[EventType "swiss (blitz)"]
[EventRounds "11"]
[EventCountry "USA"]
[SourceTitle "EXT 2024"]
[Source "ChessBase"]
[SourceDate "2023.10.10"]
[SourceVersion "1"]
[SourceVersionDate "2023.10.10"]
[SourceQuality "1"]

1. e4 e6 2. d4 d5 3. Nc3 dxe4 4. Nxe4 Bd7 5. Nf3 Bc6 6. Bd3 Nd7 7. 0-0 Ngf6 8. Re1 Be7 9. c3 Nxe4 10. Bxe4 Bxe4 11. Rxe4 0-0 12. Qe2 c5 13. Rg4 Nf6 14. Rg3 cxd4 15. Bh6 Nh5 16. Qe5 Qd5 17. Rxg7+ Kh8 18. Qxd5 exd5 19. Rg4 Rfd8 20. Nxd4 Bf8 21. Bg5 Re8 22. Rh4 Ng7 23. Bf6 Be7 24. Rf4 Bxf6 25. Rxf6 Kg8 26. Kf1 Ne6 27. Nxe6 Rxe6 28. Rxe6 fxe6 29. Re1 Kf7 30. Ke2 b5 31. Kd3 Kf6 32. f4 h5 33. Re5 Rg8 34. g3 h4 35. Rg5 Rh8 36. g4 h3 37. Rh5 Rg8 38. Rh6+ Ke7 39. g5 Rf8 40. Ke3 a5 41. Rxh3 b4 42. cxb4 axb4 43. Rh7+ Kd6 44. g6 Rf6 45. Rh6 Rf8 46. g7 Rg8 47. Rg6 Ke7 48. Kd4 Kf7 49. Rg5 Kf6 50. h4 Rxg7 51. Rxg7 Kxg7 52. Kc5 Kf6 53. h5 Kf5 54. Kxb4 d4 55. h6 Kg6 56. Kc4 Kxh6 57. Kxd4 Kg6 58. Ke5 1-0

[Event "Titled Tuesday intern op 25th Oct Early"]
[Site "Chess.com INT"]
[Date "2022.10.25"]
[Round "10"]
[White "Vachylya, Andriy"]
[Black "Costachi, Mihnea"]
[Result "1-0"]
[WhiteElo "2274"]
[BlackElo "2470"]
[PlyCount "149"]
[EventDate "2022.10.25"]
[EventType "swiss (blitz)"]
[EventRounds "11"]
[EventCountry "USA"]
[SourceTitle "EXT 2024"]
[Source "ChessBase"]
[SourceDate "2023.10.10"]
[SourceVersion "1"]
[SourceVersionDate "2023.10.10"]
[SourceQuality "1"]

1. e4 e5 2. Nf3 Nc6 3. Bb5 a6 4. Ba4 Nf6 5. 0-0 Be7 6. Re1 b5 7. Bb3 0-0 8. c3 d5 9. exd5 Nxd5 10. Nxe5 Nxe5 11. Rxe5 c6 12. d4 Bd6 13. Re1 Qh4 14. g3 Qh3 15. Qf3 Bg4 16. Qg2 Qh5 17. Be3 Bf3 18. Qf1 f5 19. Nd2 f4 20. Bxf4 Rxf4 21. Nxf3 Rxf3 22. Bd1 Qf7 23. Bxf3 Qxf3 24. Qe2 Qxe2 25. Rxe2 Kf7 26. Rae1 Nc7 27. Kg2 a5 28. f4 Rd8 29. Kf3 c5 30. dxc5 Bxc5 31. Re5 Bd6 32. Rf5+ Kg6 33. g4 h6 34. h4 a4 35. h5+ Kh7 36. g5 hxg5 37. fxg5 Kg8 38. Kg4 b4 39. Rd1 a3 40. cxb4 axb2 41. Rf2 Re8 42. Rxb2 Re4+ 43. Kf3 Rf4+ 44. Ke3 Be5 45. Rb3 Ne6 46. b5 Bd4+ 47. Ke2 Nc5 48. Rb4 Rf2+ 49. Ke1 Be3 50. b6 Nb7 51. a4 Ra2 52. Rd7 Bc5 53. Rb5 Bf2+ 54. Kf1 Nc5 55. Rd8+ Kf7 56. b7 Bg3 57. b8Q Rf2+ 58. Kg1 Bxb8 59. Rbxb8 Ra2 60. Rbc8 Ne4 61. Rd7+ Ke6 62. Re8+ Kxd7 63. Rxe4 Ra1+ 64. Kg2 Ra3 65. h6 Kd6 66. h7 Rh3 67. Kxh3 Kd5 68. Rh4 Ke5 69. h8Q Kf5 70. Qf8+ Kg6 71. Qd6+ Kf5 72. Rf4+ Kxg5 73. Qe5+ Kg6 74. Qf5+ Kh6 75. Rh4# 1-0

[Event "Titled Tuesday intern op 25th Oct Early"]
[Site "Chess.com INT"]
[Date "2022.10.25"]
[Round "3"]
[White "Wirig, Anthony"]
[Black "Vachylya, Andriy"]
[Result "0-1"]
[WhiteElo "2515"]
[BlackElo "2274"]
[PlyCount "68"]
[EventDate "2022.10.25"]
[EventType "swiss (blitz)"]
[EventRounds "11"]
[EventCountry "USA"]
[SourceTitle "EXT 2024"]
[Source "ChessBase"]
[SourceDate "2023.10.10"]
[SourceVersion "1"]
[SourceVersionDate "2023.10.10"]
[SourceQuality "1"]

1. d4 Nf6 2. Bg5 e6 3. e3 c5 4. c3 cxd4 5. exd4 d5 6. Bd3 Nc6 7. Nd2 Be7 8. Bxf6 Bxf6 9. f4 h6 10. Qh5 g6 11. Qe2 g5 12. f5 Qe7 13. fxe6 Bxe6 14. Ngf3 0-0-0 15. 0-0-0 Rhe8 16. Rde1 Qc7 17. Qf2 g4 18. Ne5 Bxe5 19. dxe5 Nxe5 20. Rxe5 Qxe5 21. Re1 Qxh2 22. Qxa7 Bd7 23. Rf1 Qg3 24. Ba6 Qb8 25. Qxb8+ Kxb8 26. Bd3 Re3 27. Kc2 Rxd3 28. Kxd3 Bb5+ 29. c4 dxc4+ 30. Kc3 Rxd2 31. Rf5 Rd3+ 32. Kb4 Bc6 33. Rxf7 Rd2 34. Kxc4 Bd5+ 0-1

[Event "Titled Tuesday intern op 18th Oct Early"]
[Site "Chess.com INT"]
[Date "2022.10.18"]
[Round "10"]
[White "Durarbayli, Vasif"]
[Black "Vachylya, Andriy"]
[Result "1/2-1/2"]
[WhiteElo "2612"]
[BlackElo "2274"]
[PlyCount "95"]
[EventDate "2022.10.18"]
[EventType "swiss (blitz)"]
[EventRounds "11"]
[EventCountry "USA"]
[SourceTitle "EXT 2024"]
[Source "ChessBase"]
[SourceDate "2023.10.10"]
[SourceVersion "1"]
[SourceVersionDate "2023.10.10"]
[SourceQuality "1"]

1. e4 c5 2. Nf3 d6 3. d4 cxd4 4. Nxd4 Nf6 5. Nc3 a6 6. Be3 e5 7. Nf3 Be7 8. Bc4 Be6 9. Bb3 Nbd7 10. 0-0 Qc7 11. Nh4 g6 12. Bh6 Nc5 13. Bg7 Rg8 14. Bxf6 Bxf6 15. Nf3 Nxb3 16. cxb3 Be7 17. Nd5 Bxd5 18. Qxd5 Rc8 19. h3 Kf8 20. Qd2 Kg7 21. Rac1 Qb6 22. Nh2 h6 23. Rc4 Rxc4 24. bxc4 Rc8 25. b3 Qc6 26. Re1 b5 27. cxb5 axb5 28. Ng4 Bg5 29. Qe2 h5 30. Nh2 b4 31. Nf3 Bh6 32. Rd1 Qc2 33. Qxc2 Rxc2 34. Rxd6 Rxa2 35. Rb6 Ra1+ 36. Kh2 Ra2 37. Rxb4 Bf4+ 38. Kh1 Rxf2 39. Kg1 Rb2 40. Rb7 Bg3 41. Kf1 Rf2+ 42. Kg1 Re2 43. Kf1 Rxe4 44. Rxf7+ Kg8 45. Rf6 Kg7 46. Rf7+ Kh8 47. Rf8+ Kg7 48. Rf7+ 1/2-1/2

[Event "Titled Tuesday intern op 11th Oct Early"]
[Site "Chess.com INT"]
[Date "2022.10.11"]
[Round "6"]
[White "Vachylya, Andriy"]
[Black "Kazakov, Mikhail"]
[Result "1-0"]
[WhiteElo "2274"]
[BlackElo "2513"]
[PlyCount "85"]
[EventDate "2022.10.11"]
[EventType "swiss (blitz)"]
[EventRounds "11"]
[EventCountry "USA"]
[SourceTitle "EXT 2024"]
[Source "ChessBase"]
[SourceDate "2023.10.10"]
[SourceVersion "1"]
[SourceVersionDate "2023.10.10"]
[SourceQuality "1"]

1. e4 e5 2. Nf3 Nc6 3. Bb5 a6 4. Ba4 Nf6 5. 0-0 Be7 6. Re1 b5 7. Bb3 d6 8. c3 0-0 9. h3 Re8 10. d4 h6 11. Nbd2 Bf8 12. Bc2 exd4 13. cxd4 Nb4 14. Bb1 c5 15. d5 a5 16. a3 Na6 17. Nf1 g6 18. Ng3 Bg7 19. Bf4 a4 20. Bc2 Nh7 21. Rb1 Bd7 22. Qd2 h5 23. Bxd6 c4 24. e5 Rc8 25. Ne4 Bf5 26. Rbd1 Bxe4 27. Bxe4 Nc5 28. Bc2 Nd3 29. Bxd3 cxd3 30. Qxd3 Qd7 31. Bb4 Rc4 32. e6 fxe6 33. Qxg6 Qf7 34. Qxf7+ Kxf7 35. dxe6+ Kg6 36. Rd7 Bxb2 37. e7 Bf6 38. Rb7 Rc2 39. Ne5+ Bxe5 40. Rxe5 Nf6 41. Rb6 Rc1+ 42. Kh2 Kf7 43. Rf5 1-0

[Event "Titled Tuesday intern op 11th Oct Early"]
[Site "Chess.com INT"]
[Date "2022.10.11"]
[Round "11"]
[White "Zhigalko, Sergei"]
[Black "Vachylya, Andriy"]
[Result "0-1"]
[WhiteElo "2572"]
[BlackElo "2274"]
[PlyCount "140"]
[EventDate "2022.10.11"]
[EventType "swiss (blitz)"]
[EventRounds "11"]
[EventCountry "USA"]
[SourceTitle "EXT 2024"]
[Source "ChessBase"]
[SourceDate "2023.10.10"]
[SourceVersion "1"]
[SourceVersionDate "2023.10.10"]
[SourceQuality "1"]

1. e4 c5 2. Nf3 d6 3. d4 cxd4 4. Qxd4 Nc6 5. Bb5 Bd7 6. Bxc6 Bxc6 7. Nc3 Nf6 8. Bg5 e6 9. 0-0-0 Be7 10. Rhe1 0-0 11. Kb1 Rc8 12. Qd3 a6 13. Nd4 b5 14. f3 Bb7 15. g4 Nd7 16. Bxe7 Qxe7 17. Qe3 Ne5 18. b3 Rc7 19. Rd2 Rfc8 20. Nce2 Nc6 21. g5 g6 22. h4 Nxd4 23. Qxd4 e5 24. Qb6 Rc6 25. Qe3 a5 26. h5 a4 27. h6 axb3 28. cxb3 b4 29. Rc1 Qc7 30. Rdd1 Ba6 31. Rxc6 Qxc6 32. Rc1 Qb7 33. Rxc8+ Qxc8 34. Nc1 Qb7 35. Qd2 Qb6 36. Qd5 Bb7 37. Qc4 Ba6 38. Qc2 Qd8 39. Qd2 Qb6 40. Kb2 Kf8 41. Qc2 Ke7 42. Kb1 Kd7 43. Qd2 Qc5 44. Kb2 Bb5 45. Kb1 Ba6 46. Kb2 Ke6 47. Kb1 Bb5 48. Kb2 Qd4+ 49. Qxd4 exd4 50. Kc2 Ke5 51. Nd3+ Bxd3+ 52. Kxd3 Kf4 53. Kxd4 Kxg5 54. e5 dxe5+ 55. Kxe5 Kxh6 56. Kd4 Kg5 57. a4 bxa3 58. Kc3 Kf5 59. b4 Ke5 60. b5 Kd6 61. Kb3 Kc5 62. Kxa3 Kxb5 63. Kb3 Kc5 64. Kc3 Kd5 65. Kd3 Ke5 66. Ke3 Kf5 67. f4 h5 68. Kf3 h4 69. Ke3 Kg4 70. f5 h3 0-1

[Event "Titled Tuesday intern op 27th Sep Early"]
[Site "Chess.com INT"]
[Date "2022.09.27"]
[Round "7"]
[White "Girel, Joseph"]
[Black "Vachylya, Andriy"]
[Result "0-1"]
[WhiteElo "2411"]
[BlackElo "2274"]
[PlyCount "114"]
[EventDate "2022.09.27"]
[EventType "swiss (blitz)"]
[EventRounds "11"]
[EventCountry "USA"]
[SourceTitle "CBM 210 Extra"]
[Source "ChessBase"]
[SourceDate "2022.11.30"]
[SourceVersion "1"]
[SourceVersionDate "2022.11.30"]
[SourceQuality "1"]

1. d4 Nf6 2. c4 e6 3. Nf3 b6 4. g3 Bb7 5. Bg2 Be7 6. 0-0 0-0 7. Re1 d5 8. cxd5 exd5 9. Nc3 Re8 10. Bf4 Na6 11. Rc1 Bf8 12. Ne5 h6 13. h4 Qe7 14. e3 c5 15. g4 Ne4 16. dxc5 Naxc5 17. g5 hxg5 18. hxg5 Nxg5 19. Nxd5 Bxd5 20. Qxd5 Rad8 21. Nc6 Rxd5 22. Nxe7+ Bxe7 23. Bxd5 Nd3 24. Red1 Nxc1 25. Rxc1 Nh3+ 26. Kg2 Nxf4+ 27. exf4 Bc5 28. Kf3 a5 29. Rd1 g6 30. Bc4 Kg7 31. a3 Re7 32. Rd5 Rc7 33. Bb3 Be7 34. f5 gxf5 35. Rxf5 Bf6 36. Rb5 Bxb2 37. Rxb6 Bxa3 38. Ra6 Rc3+ 39. Ke4 Rxb3 40. Rxa5 Bd6 41. Rd5 Rb4+ 42. Kf3 Bb8 43. Rg5+ Kf6 44. Ra5 Kg6 45. Ra6+ f6 46. Ra5 f5 47. Ra1 Rb3+ 48. Kg2 Kg5 49. Ra4 Bc7 50. Rc4 Bb6 51. f3 Ba7 52. Rc8 Rb2+ 53. Kh3 Bb8 54. Rg8+ Kf4 55. Rg7 Kxf3 56. Rg3+ Ke4 57. Rg2 Rxg2 0-1

[Event "Titled Tuesday intern op 27th Sep Early"]
[Site "Chess.com INT"]
[Date "2022.09.27"]
[Round "10"]
[White "Terzi, Alexei"]
[Black "Vachylya, Andriy"]
[Result "0-1"]
[WhiteElo "2272"]
[BlackElo "2274"]
[PlyCount "120"]
[EventDate "2022.09.27"]
[EventType "swiss (blitz)"]
[EventRounds "11"]
[EventCountry "USA"]
[SourceTitle "CBM 210 Extra"]
[Source "ChessBase"]
[SourceDate "2022.11.30"]
[SourceVersion "1"]
[SourceVersionDate "2022.11.30"]
[SourceQuality "1"]

1. e4 c5 2. Nc3 d6 3. f4 Nc6 4. Nf3 g6 5. Bc4 Bg7 6. 0-0 e6 7. d4 cxd4 8. Nb5 Nge7 9. Nfxd4 Nxd4 10. Nxd4 0-0 11. Bb3 e5 12. Nf3 Qb6+ 13. Kh1 Be6 14. c3 Rad8 15. Bxe6 fxe6 16. fxe5 dxe5 17. Qb3 Qxb3 18. axb3 Nc6 19. Bg5 Rd7 20. Rfd1 Rff7 21. Be3 a6 22. Ng5 Rxd1+ 23. Rxd1 Rf6 24. Nf3 Rf7 25. Kg1 h6 26. b4 Kh7 27. Rd6 Re7 28. Nd2 Bf8 29. Nc4 Kg7 30. Kf2 Rf7+ 31. Ke2 Bxd6 32. Nxd6 Rd7 33. Nc4 g5 34. h3 Kf6 35. Bf2 b5 36. Ne3 h5 37. h4 g4 38. Nf1 a5 39. bxa5 Nxa5 40. Ng3 Kg6 41. Be3 Nc4 42. Bc1 Ra7 43. Kd1 Rf7 44. Ke2 Rb7 45. b3 Na5 46. b4 Nc4 47. Be3 Rb8 48. Kd3 Ra8 49. Nf1 Ra2 50. g3 Rg2 51. Bc5 Nb2+ 52. Ke3 Rc2 53. Bd6 Rxc3+ 54. Kd2 Rd3+ 55. Kc2 Rxd6 56. Kxb2 Rd4 57. Ne3 Rxb4+ 58. Kc3 Rxe4 59. Nc2 Rc4+ 60. Kd3 Rxc2 0-1

[Event "Titled Tuesday intern op 27th Sep Early"]
[Site "Chess.com INT"]
[Date "2022.09.27"]
[Round "2"]
[White "Vachylya, Andriy"]
[Black "Barash, Anton"]
[Result "1-0"]
[WhiteElo "2274"]
[BlackElo "2138"]
[PlyCount "41"]
[EventDate "2022.09.27"]
[EventType "swiss (blitz)"]
[EventRounds "11"]
[EventCountry "USA"]
[SourceTitle "CBM 210 Extra"]
[Source "ChessBase"]
[SourceDate "2022.11.30"]
[SourceVersion "1"]
[SourceVersionDate "2022.11.30"]
[SourceQuality "1"]

1. e4 e6 2. d4 d5 3. Nc3 Bb4 4. e5 c5 5. a3 Bxc3+ 6. bxc3 Ne7 7. a4 Qa5 8. Bd2 Nbc6 9. Nf3 Bd7 10. Bd3 c4 11. Be2 0-0-0 12. 0-0 h6 13. h4 f6 14. exf6 gxf6 15. Qe1 e5 16. dxe5 fxe5 17. Nh2 Rdg8 18. Kh1 Nf5 19. g3 Qc7 20. Bf3 e4 21. Bg2 1-0

[Event "Titled Tuesday intern op 27th Sep Early"]
[Site "Chess.com INT"]
[Date "2022.09.27"]
[Round "5"]
[White "Vachylya, Andriy"]
[Black "Gareyev, Timur"]
[Result "1-0"]
[WhiteElo "2274"]
[BlackElo "2608"]
[PlyCount "89"]
[EventDate "2022.09.27"]
[EventType "swiss (blitz)"]
[EventRounds "11"]
[EventCountry "USA"]
[SourceTitle "CBM 210 Extra"]
[Source "ChessBase"]
[SourceDate "2022.11.30"]
[SourceVersion "1"]
[SourceVersionDate "2022.11.30"]
[SourceQuality "1"]

1. e4 d6 2. d4 g6 3. Nc3 a6 4. Nf3 Bg7 5. Be3 Nd7 6. Bd3 e6 7. 0-0 Ne7 8. a4 b6 9. Re1 Bb7 10. Qd2 h6 11. Rad1 g5 12. h3 Nf6 13. e5 Nfd5 14. Nxd5 Bxd5 15. Qe2 Bb7 16. c4 Qd7 17. Bd2 d5 18. b3 Rg8 19. a5 Bf8 20. Nh2 Nc6 21. Ng4 Be7 22. axb6 cxb6 23. Nxh6 Rh8 24. Ng4 Nxd4 25. Qe3 Nxb3 26. Qxb6 Nxd2 27. Rxd2 dxc4 28. Rb1 Bxg2 29. Kxg2 cxd3 30. Rbd1 Qd5+ 31. f3 Rxh3 32. Kxh3 Qxf3+ 33. Kh2 Qf4+ 34. Kh3 Qf3+ 35. Kh2 Qxg4 36. Qc6+ Kf8 37. Qxa8+ Kg7 38. Rxd3 Qf4+ 39. Kg2 g4 40. Qc6 Bh4 41. R1d2 Be1 42. Re2 Bh4 43. Qe4 Qg5 44. Rd4 Kf8 45. Qxg4 1-0

[Event "Titled Tuesday intern op 20th Sep Early"]
[Site "Chess.com INT"]
[Date "2022.09.20"]
[Round "5"]
[White "Atakhan, Abtin"]
[Black "Vachylya, Andriy"]
[Result "1/2-1/2"]
[WhiteElo "2371"]
[BlackElo "2274"]
[PlyCount "119"]
[EventDate "2022.09.20"]
[EventType "swiss (blitz)"]
[EventRounds "11"]
[EventCountry "USA"]
[SourceTitle "EXT 2023"]
[Source "ChessBase"]
[SourceDate "2022.10.05"]
[SourceVersion "1"]
[SourceVersionDate "2022.10.05"]
[SourceQuality "1"]

1. Nf3 Nf6 2. g3 g6 3. Bg2 Bg7 4. 0-0 0-0 5. c4 d6 6. Nc3 c5 7. d4 Nc6 8. dxc5 dxc5 9. Be3 Qa5 10. Qa4 Qb4 11. Qb5 a6 12. Qxc5 Qxb2 13. Na4 Qc2 14. Nb6 Ne4 15. Ne1 Qxe2 16. Bxe4 Bxa1 17. Bf3 Qxa2 18. Nxa8 Bh3 19. Nb6 Bxf1 20. Kxf1 Ne5 21. Nd5 Nxf3 22. Nxe7+ Kg7 23. Nxf3 Qb1+ 24. Kg2 Qe4 25. Nd5 Re8 26. Qa3 Be5 27. Kg1 Qxc4 28. Nxe5 Qxd5 29. Nf3 Kg8 30. Bd4 Re4 31. Qc3 Re8 32. Bh8 f6 33. Qxf6 Qf7 34. Qc3 Rf8 35. Qd4 h6 36. Nh4 Kh7 37. Be5 Qe7 38. Bd6 Qe1+ 39. Kg2 Rf7 40. Qg4 Qb1 41. Be5 Qd3 42. Bf4 Qe4+ 43. Kg1 Qe1+ 44. Kg2 Qe4+ 45. Nf3 g5 46. Qh5 Kg8 47. Qxh6 gxf4 48. Qg5+ Rg7 49. Qd8+ Kh7 50. Qh4+ Kg8 51. Qd8+ Kf7 52. Qd7+ Qe7 53. Qf5+ Kg8 54. Qc8+ Qf8 55. Qe6+ Qf7 56. Qc8+ Kh7 57. Qh3+ Kg8 58. Qc8+ Qf8 59. Qe6+ Qf7 60. Qc8+ 1/2-1/2

[Event "Titled Tuesday intern op 20th Sep Early"]
[Site "Chess.com INT"]
[Date "2022.09.20"]
[Round "3"]
[White "Vachylya, Andriy"]
[Black "Johnson, Ben"]
[Result "1-0"]
[WhiteElo "2274"]
[BlackElo "2050"]
[PlyCount "73"]
[EventDate "2022.09.20"]
[EventType "swiss (blitz)"]
[EventRounds "11"]
[EventCountry "USA"]
[SourceTitle "EXT 2023"]
[Source "ChessBase"]
[SourceDate "2022.10.05"]
[SourceVersion "1"]
[SourceVersionDate "2022.10.05"]
[SourceQuality "1"]

1. e4 c5 2. Nf3 Nc6 3. Bb5 g6 4. Bxc6 dxc6 5. d3 Bg7 6. h3 e5 7. 0-0 Qe7 8. Nc3 Nf6 9. Be3 0-0 10. Qd2 Rd8 11. b3 Ne8 12. Bh6 Bh8 13. Nh2 Nc7 14. f4 exf4 15. Bxf4 Ne6 16. Be3 Bd4 17. Ng4 Bg7 18. Rf2 Rf8 19. Raf1 Nd4 20. Nh6+ Bxh6 21. Bxh6 Be6 22. Bxf8 Rxf8 23. Ne2 f6 24. Nxd4 cxd4 25. Rf3 Kg7 26. Qf2 Qd8 27. Qh4 b5 28. Qe1 c5 29. c4 b4 30. Qd2 a5 31. Ra1 Qd7 32. a3 Qb7 33. axb4 axb4 34. Rff1 Rf7 35. Ra5 Qc7 36. Ra6 Qg3 37. Rxe6 1-0

[Event "Titled Tuesday intern op 20th Sep Early"]
[Site "Chess.com INT"]
[Date "2022.09.20"]
[Round "6"]
[White "Vachylya, Andriy"]
[Black "Sadhwani, Raunak"]
[Result "1-0"]
[WhiteElo "2274"]
[BlackElo "2620"]
[PlyCount "121"]
[EventDate "2022.09.20"]
[EventType "swiss (blitz)"]
[EventRounds "11"]
[EventCountry "USA"]
[SourceTitle "EXT 2023"]
[Source "ChessBase"]
[SourceDate "2022.10.05"]
[SourceVersion "1"]
[SourceVersionDate "2022.10.05"]
[SourceQuality "1"]

1. e4 g6 2. d4 Bg7 3. Nc3 d6 4. Be3 a6 5. h4 h5 6. Qd2 b5 7. f3 Bb7 8. Nge2 Nd7 9. 0-0-0 Rc8 10. Kb1 c5 11. a3 cxd4 12. Bxd4 Ngf6 13. Ng3 Qc7 14. Be2 0-0 15. f4 e5 16. Be3 exf4 17. Bxf4 Ne5 18. Qxd6 Qxd6 19. Rxd6 Nfg4 20. Bxg4 Nxg4 21. Rb6 Ba8 22. Nd5 Rfe8 23. Rxa6 Bxd5 24. exd5 Rcd8 25. d6 Ne3 26. Re1 Nxg2 27. Rxe8+ Rxe8 28. Bg5 f6 29. d7 Rd8 30. Bxf6 Bxf6 31. Rxf6 Kg7 32. Rd6 Nxh4 33. Ne4 Nf5 34. Rd2 Kf7 35. Nc5 Ke7 36. Re2+ Kf7 37. Rd2 Ke7 38. b4 h4 39. Re2+ Kf7 40. Rd2 Ke7 41. a4 bxa4 42. b5 g5 43. Rd5 h3 44. Rxf5 h2 45. Rf1 g4 46. Ne4 Rg8 47. Ng3 Rh8 48. Rd1 Kd8 49. b6 Rh6 50. b7 Rb6+ 51. Ka2 Rxb7 52. Rh1 Kxd7 53. Rxh2 Kd6 54. Rh4 Rb4 55. Ka3 Rc4 56. Nf5+ Ke5 57. Ne3 Rc3+ 58. Kxa4 g3 59. Rh5+ Ke4 60. Nd5 g2 61. Nxc3+ 1-0

[Event "Titled Tuesday intern op 23rd Aug Early"]
[Site "Chess.com INT"]
[Date "2022.08.23"]
[Round "10"]
[White "Vachylya, Andriy"]
[Black "Bharath, Subramaniyam H"]
[Result "0-1"]
[WhiteElo "2274"]
[BlackElo "2490"]
[PlyCount "60"]
[EventDate "2022.08.23"]
[EventType "swiss (blitz)"]
[EventRounds "11"]
[EventCountry "USA"]
[SourceTitle "EXT 2023"]
[Source "ChessBase"]
[SourceDate "2022.10.05"]
[SourceVersion "1"]
[SourceVersionDate "2022.10.05"]
[SourceQuality "1"]

1. e4 c5 2. Nf3 e6 3. d4 cxd4 4. Nxd4 a6 5. Bd3 Nf6 6. 0-0 Qc7 7. c4 Be7 8. Nc3 0-0 9. Qe2 d6 10. f4 Nbd7 11. Be3 b6 12. Rac1 Re8 13. g4 g6 14. g5 Nh5 15. Qf2 Bf8 16. Rce1 Bb7 17. f5 Ne5 18. Be2 exf5 19. exf5 Nxc4 20. fxg6 hxg6 21. Bc1 Ne5 22. Bxh5 gxh5 23. Nf5 Nd3 24. Qg3 Nxe1 25. Nh6+ Kh8 26. Nxf7+ Kg7 27. g6 Qc5+ 28. Rf2 Nd3 29. Bh6+ Kg8 30. Nd1 Re1# 0-1

[Event "Titled Tuesday intern op 16th Aug Early"]
[Site "Chess.com INT"]
[Date "2022.08.16"]
[Round "7"]
[White "Sarana, Alexey"]
[Black "Vachylya, Andriy"]
[Result "1-0"]
[WhiteElo "2662"]
[BlackElo "2274"]
[PlyCount "131"]
[EventDate "2022.08.16"]
[EventType "swiss (blitz)"]
[EventRounds "11"]
[EventCountry "USA"]
[SourceTitle "EXT 2023"]
[Source "ChessBase"]
[SourceDate "2022.10.05"]
[SourceVersion "1"]
[SourceVersionDate "2022.10.05"]
[SourceQuality "1"]

1. c4 Nf6 2. Nc3 g6 3. g3 Bg7 4. Bg2 0-0 5. Nf3 d6 6. 0-0 e5 7. d3 Nc6 8. Rb1 a5 9. a3 Re8 10. b4 axb4 11. axb4 e4 12. dxe4 Nxe4 13. Nxe4 Rxe4 14. b5 Ne5 15. Nd2 Rd4 16. e3 Rd3 17. Be4 Bh3 18. Re1 Ra2 19. Bxd3 Nxd3 20. Re2 Qf6 21. f3 Bh6 22. Qb3 Nxc1 23. Rxc1 Rxd2 24. Rxd2 Qxf3 25. Re1 Bf5 26. Rf2 Qg4 27. e4 Bxe4 28. Qc3 f5 29. Qf6 Bg5 30. Qe6+ Kg7 31. Qd7+ Kh6 32. Qxc7 Qh3 33. Qxd6 Qg4 34. Qe5 Bd3 35. c5 Bxb5 36. Qd6 Bc6 37. Qf8+ Kh5 38. Qf7 h6 39. Qe6 Qd4 40. Qe2+ Qg4 41. h3 Qxe2 42. Rexe2 Bd8 43. Kh2 Bc7 44. Re6 Kg5 45. Re7 Bb8 46. Re6 h5 47. Rb2 h4 48. Rxc6 Bxg3+ 49. Kg2 bxc6 50. Rb6 Be5 51. Rxc6 Bd4 52. Kf3 Bg1 53. Rc8 Kf6 54. c6 Ke7 55. Rg8 Kd6 56. Rxg6+ Kc7 57. Kf4 Bh2+ 58. Kxf5 Bd6 59. Kg4 Kxc6 60. Kxh4 Kd5 61. Kg5 Be5 62. h4 Ke4 63. h5 Bf4+ 64. Kg4 Be5 65. h6 Kd5 66. h7 1-0